| 000 -LEADER |
| fixed length control field |
00554pam a2200205 i 4500 |
| 001 - CONTROL NUMBER |
| control field |
2299724 |
| 005 - DATE AND TIME OF LATEST TRANSACTION |
| control field |
20180212034021.0 |
| 008 - FIXED-LENGTH DATA ELEMENTS--GENERAL INFORMATION |
| fixed length control field |
810102s1981 nyu b 001 0 eng |
| 010 ## - LIBRARY OF CONGRESS CONTROL NUMBER |
| LC control number |
80028691 |
| 020 ## - INTERNATIONAL STANDARD BOOK NUMBER |
| International Standard Book Number |
003059331X : |
| Terms of availability |
$25.95 |
| 040 ## - CATALOGING SOURCE |
| Original cataloging agency |
DLC |
| Transcribing agency |
DLC |
| Modifying agency |
DLC |
| 041 ## - LANGUAGE CODE |
| Language code of text/sound track or separate title |
eng |
| 080 ## - UNIVERSAL DECIMAL CLASSIFICATION NUMBER |
| Universal Decimal Classification number |
016.36191734 den |
| 082 00 - DEWEY DECIMAL CLASSIFICATION NUMBER |
| Classification number |
016.36191734 den |
| Edition number |
19 |
| 100 1# - Rafti |
| Rafti |
49 |
| 101 ## - Shkurtesa |
| Shkurtesa |
soc |
| 245 10 - TITLE STATEMENT |
| Title |
Rural social welfare : |
| Statement of responsibility, etc |
Dennis L. Poole. |
| 906 ## - LOCAL DATA ELEMENT F, LDF (RLIN) |
| a |
7 |
| b |
cbc |
| c |
orignew |
| d |
1 |
| e |
ocip |
| f |
19 |
| g |
y-gencatlg |
| 942 ## - ADDED ENTRY ELEMENTS (KOHA) |
| Source of classification or shelving scheme |
|
| Item type |
Books |